Využitie počítačovej podpory pri návrhu a výrobe skateboardu

Gespeichert in:
Bibliographische Detailangaben
1. Verfasser: Bagin, Anton (Verfasst von)
Weitere Verfasser: Peterka, Jozef (Betreuung Doktorarbeit)
Format: Manuskript Buch
Sprache:Slowakisch
Veröffentlicht: 2025
Schlagworte:
Online-Zugang:http://is.stuba.sk/zp/portal_zp.pl?podrobnosti=176943
Tags: Tag hinzufügen
Keine Tags, Fügen Sie das erste Tag hinzu!

MARC

LEADER 00000ntm a22000003a 4500
001 stuzp103899
003 SK-STU
005 20250628211000.6
007 ta
008 150427s2015----xo-----f-mn---000-0-slo-d
040 |a STU  |b slo 
041 0 |a slo 
100 1 |a Bagin, Anton  |u 063000  |4 aut  |U MTF Materiálovotechnologická fakulta  |T MTF Ústav výrobných technológií  |X 121992  |U M3000  |Y 83  |7 121992 
242 0 1 |a Using computer aided design and manufacturing of skateboard  |y eng 
245 1 0 |a Využitie počítačovej podpory pri návrhu a výrobe skateboardu 
260 |c 2025 
650 4 |a CA  |2 slo 
650 4 |a CAD  |2 slo 
650 4 |a CAM  |2 slo 
650 4 |a Autodesk Fusion  |2 slo 
650 4 |a Onewheel  |2 slo 
650 4 |a CA  |2 eng 
650 4 |a CAD  |2 eng 
650 4 |a CAM  |2 eng 
650 4 |a Autodesk Fusion  |2 eng 
650 4 |a Onewheel  |2 eng 
700 1 |a Peterka, Jozef  |u 063200  |k Z1  |4 ths  |U MTF Ústav výrobných technológií  |T MTF Katedra obrábania a počítačovej podpory technológií  |X 278  |U M3200  |Y 164  |7 A000000278 
856 4 |u http://is.stuba.sk/zp/portal_zp.pl?podrobnosti=176943 
996 |c M* BP-9868  |l MMSKP  |s P  |a 0  |w stuzp103899_0001